000 01157nam a22002777a 4500
005 20240530110952.0
008 221218s2022 ua bfh f b 000 0 ara d
017 _a2021/19347
_bمصر. دار الكتب
020 _a9789776926004
040 _aEG-CaGPL
_cEG-CaGPL
082 0 4 _221
_a394.2
_bأ أ
100 0 _aاسماء ادريس محمد
245 1 2 _aالاحتفالات والموالد الاسلامية فى القاهرة ودورها فى تنمية السياحة /
_cاسماء ادريس محمد
250 _aط.1
260 _aالاسكندرية :
_bدار الوفاء لدنيا الطباعة و النشر،
_c2022.
300 _a628 ص. :
_bايض ؛
_c24 سم.
504 _aيشتمل على ارجاعات ببليوجرافية
650 0 7 _2qrmak
_aالموالد
_yمصر
650 0 7 _2qrmak
_aالمهرجانات
_yمصر
650 0 7 _2qrmak
_aالاحتفالات الدينية الاسلامية
_yمصر
650 0 7 _2qrmak
_aالشعائر الاسلامية
_yمصر
650 0 7 _2qrmak
_aالاحتفالات
_yمصر
651 _2qrmak
942 _2ddc
_cBK
999 _c67025
_d67025